000 00178 a2200097 4500
020 _a9781887734004
041 _aeng
100 _aRose Treat
245 _aThe seaweed
942 _cK
999 _c28391
_d28391